00333nam a22001337a 4500008004100000020001500041082001700056100002100073245004300094260002600137300000900163440000900172700001800181230621b xxu||||| |||| 00| 0 eng d a0714650668 a328.052bJLS cTorbjorn Bergman aThe Journal of the legislative studies bFrank CASS & Coc2001 a174p n4v6 cErik Damgaard